000 01234nam a2200229 i 4500
001 40726
003 ES-MaACL
005 20250820063029.0
007 t|
008 030306s1878 sp ||||1| spa d
100 1 _aCarreras y Aragó, Luis,
_d1835-1907
_935685
245 1 0 _aClínica oftamológica
_b: reseña estadística de 1875 y de 1876, con una serie de observaciones clínicas notables seguidas de una memoria sobre el criterio médico-quirúrgico para la aplicación de la iridectomia en el glaucoma /
_cpor el Dr. D. Luis Carreras y Aragó ; ilustrada con cuatro cromo-litografías y varios grabados intercalados, copias del natural, por el Sr. de Vilallonga.
260 _aBarcelona :
_b[s.n.],
_c1878 (
_fEstab. Tip. de Narciso Ramírez y Cª)
300 _a209 p., 4 h. de lám. col. :
_bil. ;
_c23 cm.
530 _aDisponible en formato digital.
650 0 4 _aOftalmología.
_915693
650 4 _aGlaucoma-
_xCirugía.
_9139312
700 1 _aVilallonga Velasco, Ricardo de.
_9171732
852 _aES-MaACL
_jT-667-F-7
_z- Dedicatoria autógrafa del autor a Gustavo Sáenz Díez
856 _uhttp://bdh-rd.bne.es/viewer.vm?id=0000091187&page=1
_zBiblioteca Digital Hispánica
999 _c40726
_d40726